Loading...
Philosophy | 0 | 8 | 0 | 3 | 80 | 70 | 98.38 | 0 | 4 |
Literature - European Literature | 0 | 7 | 0 | 1 | 70 | 23 | 58.57 | 5 | 7 |
Literature - American Literature | 0 | 7 | 1 | 0 | 65 | 51 | 83.71 | 2 | 3 |
Literature - British Literature | 0 | 6 | 1 | 0 | 55 | 47 | 62.67 | 4 | 6 |
Literature - World/Other Literature | 0 | 5 | 1 | 0 | 45 | 44 | 71.00 | 3 | 4 |
Fine Arts - Classical Music | 0 | 4 | 1 | 0 | 35 | 60 | 84.50 | 1 | 2 |
Fine Arts - Visual Fine Arts | 0 | 3 | 0 | 0 | 30 | 82 | 95.33 | 1 | 2 |
History - World History | 0 | 3 | 0 | 0 | 30 | 40 | 54.33 | 0 | 2 |
History - European History | 0 | 3 | 1 | 1 | 25 | 82 | 98.33 | 0 | 3 |
Mythology | 0 | 2 | 0 | 0 | 20 | 28 | 55.50 | 1 | 1 |
Fine Arts - Other Fine Arts | 0 | 1 | 0 | 0 | 10 | 93 | 93.00 | 0 | 0 |
Pop Culture | 0 | 1 | 0 | 0 | 10 | 86 | 86.00 | 0 | 0 |
Science - Chemistry | 0 | 1 | 0 | 0 | 10 | 75 | 75.00 | 0 | 0 |
Geography/Current Events | 0 | 1 | 1 | 0 | 5 | 64 | 64.00 | 0 | 1 |
History - American History | 0 | 1 | 1 | 0 | 5 | 64 | 64.00 | 1 | 1 |
Religion | 0 | 0 | 1 | 0 | -5 | 0.00 | 0 | 0 | |
Other Academic | 0 | 0 | 1 | 0 | -5 | 0.00 | 0 | 0 |